000
00237nam a2200097Ia 4500
008
170619s9999 xx 000 0 und d
100
_a
Dubey- Gopal K
245
0
_a
Fundamental of Electrical Drive
260
_b
Narora Pub. House
260
_c
1995
546
_a
ENGLISH
999
_c
16855
_d
16855